MDQL
is popping MORE tags! Check the
thread
!
Quizzes
Events
Quiz Creation
Community
Videos
Private Events
Remove Ads
Sign In
Join for FREE
Feedback
Dark Mode
Quiz Categories
Sports
Geography
Music
Movies
Television
Just For Fun
Miscellaneous
History
Literature
Language
Science
Gaming
Entertainment
Religion
Holiday
For Kids
Quiz Lab
Recent
Popular Today
Quiz Kudos Today
Editor Picks
Curator Picks
Quizzes by...
Day
Popularity
Type
Ratings
Length
Year
Community
Subscriptions
Recent Discussions
Orange Saloon
Badges
Playlists
Quests
Create
Leaderboards
Showdown
Live 5
Trivia Bingo
Activity
Puzzle Library
Sporcle Events
Private Events
Virtual Trivia
Globe League
Become a Host
Pub Owners
SporcleCon
Opinionation
Our Games
Videos
Blog
Mobile Apps
Partnerships
Remove Ads and Go Orange
Feedback
Gaming
Video Games
Board Games
Card Games
Pokémon
Mario
Nintendo
Minecraft
Console
Toys
Legend of Zelda
Gaming
Video Games
Board Games
Card Games
Pokémon
Mario
Nintendo
Minecraft
Console
Toys
Legend of Zelda
Random Quiz
Search Sporcle
×
Quiz Lab
Quiz Lab
Gaming
Hero
Type in answers that appear in a list
Type in answers that appear in a list
Classic
Best Score? Go Orange.
Name All The Cheats For Guitar Hero Stats
Can you name the Name All The Cheats For Guitar Hero?
By
mikey6768
10m
35 Questions
7 Plays
7 Plays
7 Plays
Comments
Comments
Give Quiz Kudos
Give Quiz Kudos
-
- Ratings
hide this ad
Replay
Link that replays current quiz
Next Quiz
Link to next quiz in quiz playlist
You Got
0%
They Got
Avg Score
16%
Avg Friend Score
Upgrade to see
Score Distribution
Jump to the score distribution portion of the page
Score
0/35
Timer
10:00
0
Plays Today
First Appeared
Game
% Correct
Guitar Hero II
Hyper Speed
71.4%
Guitar Hero III
Precision
71.4%
Guitar Hero III
Unlock Every Thing
42.9%
Guitar Hero III
Large Gems
42.9%
Guitar Hero III
Easy Expert
42.9%
Guitar Hero III
No Fail
42.9%
Guitar Hero World Tour
Auto Kick
42.9%
Guitar Hero World Tour
Air Instruments
42.9%
Guitar Hero World Tour
Invisible Characters
42.9%
Guitar Hero V
Focus
42.9%
Guitar Hero V
Unlock All Characters
28.6%
Guitar Hero V
All HOPO's
28.6%
Guitar Hero II
Performence
14.3%
Guitar Hero V
Always Slide
14.3%
Guitar Hero V
HUD Free
14.3%
Guitar Hero I
Rock Meter Always Green
0%
Guitar Hero I
Guitarist Uses Air Guitar
0%
Guitar Hero I
Guitarist Uses Guitar Hero SG
0%
First Appeared
Game
% Correct
Guitar Hero I
Monkey Headed Audience
0%
Guitar Hero I
Skull Headed Audience
0%
Guitar Hero I
Toggle No Venues
0%
Guitar Hero II
Guitarist Has Flaming Head
0%
Guitar Hero II
Guitarist Has Horse Head
0%
Guitar Hero II
Eyeball Headed Audience
0%
Guitar Hero III
Unlock All Songs In Quickplay
0%
Guitar Hero World Tour
Gem Color
0%
Guitar Hero World Tour
Flame Color
0%
Guitar Hero World Tour
Star Color
0%
Guitar Hero World Tour
Vocal Fire Ball
0%
Guitar Hero World Tour
Extra 6 Line Tones
0%
Guitar Hero V
Contest Winner 1
0%
Guitar Hero V
Absolutely Nothing
0%
Guitar Hero Warriors Of Rock
Unlock All Venues
0%
Guitar Hero Warriors Of Rock
Color Shuffle
0%
Guitar Hero Warriors Of Rock
Mirror Gems
0%
Quiz Playlist
Details
Report
Send in Message
Add To Playlist
Classic:
Type in answers that appear in a list
Last Updated: Feb 16, 2017
Quiz Scoreboard
CHALLENGE
Sign Up to Join the Scoreboard
Show All
Scores
Hide
Comments
May contain spoilers
Recently Published
Image Sorting: Flags VI
by Barbecue
Geography
2m
Find the 'City' Movie
by crazypaving
Movies
60s
Colored Red Africa Blitz
by spor1
Geography
45s
More to Explore
Quiz From the Vault
Featured Blog Post
14 Easter Pick-up Lines to Find Eggs With
hide this ad
You Might Also Like...
Tags
cheat
guitar
Hero
last
Today's Top Quizzes in Gaming
Browse Gaming
hide this ad
Today's Top Quizzes in Hero
Browse Hero
Top Contributed Quizzes in Gaming
1
League of Legends Pro Players by Career/Team History
2
Destiny 2 exotic weapons by perk icons
3
Genshin Impact Logic Puzzle
4
Genshin murder mystery
5
Dead By Daylight Logic Puzzle
6
4x4 Decades: Video Games
7
Ultimate Genshin Impact Logic Puzzle (up to 4.3)
8
Overwatch Logic Puzzle
9
Who's on the WWE 2K24 Cover?
10
Overwatch 2: Ultimate Ability Icons
Explore More
Trending Topics
Marvel
Disney
Harry Potter
NBA
Kpop
Crossword
Anime
The Office
Puzzle
Soccer
Pokémon
WWE
Song
Country
NFL
hide this ad
More By:
mikey6768
Quiz
Plays
Rating
Category
Featured
Created
Name every word of the song: Dirty Little Secret
605
1.83
Music
Sep 25, 2011
Bok Choy Boys
309
4.00
Miscellaneous
Feb 27, 2011
Genre of music by song Guitar Hero: Warriors of Rock Edition
136
2.67
Music
Jul 31, 2011
Name all the words in the song 4: What the Hell
88
3.25
Music
Nov 5, 2011
Genres of music by song
82
2.33
Music
Jul 8, 2011
Go to Creator's Profile
Score Distribution
Quiz Creator Spotlight
mikey6768
Follow
Send a Message
Quizzes Created
-
Created Quiz Play Count
-
More By This Creator
Popular Quizzes Today
1
Colored Red Africa Blitz
2
Find the US States - No Outlines Minefield
3
Find the 'City' Movie
4
5x2 Blitz: Bands
5
The Countries of the World
6
Find the US States
7
Find the Countries of Europe - No Outlines Minefield
8
US States
More Gaming Quizzes
Christmas Pick: Console
Editor's Pick
Trending Quizzes
Colored Red Europe Blitz I
Colored Red Africa Blitz II
Colored Red Europe Blitz II
Colored Red Africa Blitz III
Colored Red Europe Blitz III
Recently Updated
How Do You Spell That?
pecheneg
Godzilla Movies
pecheneg
Grab Bag: 4-10 Letters
pecheneg
2024 March Madness Bracket
pecheneg
Famous TV Couples
Peacemaker
Champions League XIs: Real Madrid
pecheneg
Largest US Cities 1790-2010
pecheneg
Rides in Walt Disney World
pecheneg
Most Oscar Losses (Acting)
pecheneg
Beyoncé Albums
pecheneg
Trending Topics
Marvel
Anime
Kpop
Disney
Harry Potter
NBA
Crossword
WWE
NFL
Puzzle
Country
Pokémon
Soccer
The Office
Song
Your Account Isn't Verified!
In order to create a playlist on Sporcle, you need to verify the email address you used during registration. Go to your
Sporcle Settings
to finish the process.
Report this User
Report this user for behavior that violates our
Community Guidelines
.
Details:
Send Report
Go to the Sporcle.com Mobile Site →
Comments